000 00503nam a2200157 i 4500
001 92503
003 ES-MaACL
005 20230906181003.0
007 t|
008 050310s1969 sp ||||1| spa d
245 0 0 _aLíneas de acción para el desarrollo de la Penibética.
260 _a[Granada] :
_bConsejo Económico Sindical Interprovincial,
_c1969.
300 _a252 p. ;
_c24 cm.
710 2 _aConsejo Económico Sindical Interprovincial de Granada.
_93200
852 _aES-MaACL
_jC-41731
_bR.71969
999 _c92503
_d92503